Oltre le pietre le storie. Il caso dei fori imperiali a Roma (Record n. 96867)
[ formato base ]
| 000 -LEADER | |
|---|---|
| fixed length control field | 01039nam a2200289Ia 4500 |
| 001 - CONTROL NUMBER | |
| control field | E6557 |
| 003 - CONTROL NUMBER IDENTIFIER | |
| control field | IT-RoPAU |
| 008 - FIXED-LENGTH DATA ELEMENTS--GENERAL INFORMATION | |
| fixed length control field | 130308s9999 xx 000 0 und d |
| 040 ## - CATALOGING SOURCE | |
| Original cataloging agency | IT-RoPAU |
| 040 ## - CATALOGING SOURCE | |
| Transcribing agency | IT-RoPAU |
| 041 ## - LANGUAGE CODE | |
| Language code of text/sound track or separate title | ITALIANO |
| 100 ## - MAIN ENTRY--PERSONAL NAME | |
| Personal name | Perego Francesco |
| 100 ## - MAIN ENTRY--PERSONAL NAME | |
| Miscellaneous information | Codice Aut. SPICS: 48941 |
| 245 ## - TITLE STATEMENT | |
| Title | Oltre le pietre le storie. Il caso dei fori imperiali a Roma |
| 245 ## - TITLE STATEMENT | |
| Remainder of title | Formati della Memoria (I). beni culturali e nuove tecnologie Alle Soglie del terzo Millennio |
| 250 ## - EDITION STATEMENT | |
| Edition statement | 1a ed. |
| 260 ## - PUBLICATION, DISTRIBUTION, ETC. (IMPRINT) | |
| Place of publication, distribution, etc. | FIRENZE |
| 260 ## - PUBLICATION, DISTRIBUTION, ETC. (IMPRINT) | |
| Name of publisher, distributor, etc. | Giunti Gruppo Editoriale |
| 260 ## - PUBLICATION, DISTRIBUTION, ETC. (IMPRINT) | |
| Date of publication, distribution, etc. | 1997 [1° Ed.:1997 - Ed.Ling.Originale:1997] |
| 300 ## - PHYSICAL DESCRIPTION | |
| Extent | "47 p. (prefazione: no ; testo: 47 [pagine: 252-298])" |
| 500 ## - GENERAL NOTE | |
| General note | Caratterizzazione del Caso. Stato dell'arte . simulazione del Sistema Risultante. Organico del Personale. Infrastrutturazione Tecnologica. Struttura della Spesa. scenario degli Effetti. |
| 650 ## - SUBJECT ADDED ENTRY--TOPICAL TERM | |
| Topical term or geographic name as entry element | SAGGI DI INFORMATICA |
| 650 ## - SUBJECT ADDED ENTRY--TOPICAL TERM | |
| Relator term | Codice materia Spics: 4207 |
| 942 ## - ADDED ENTRY ELEMENTS (KOHA) | |
| Koha item type | LIBRO |
| 957 ## - | |
| -- | 1 |
| 999 ## - SYSTEM CONTROL NUMBERS (KOHA) | |
| -- | 1 |
| Withdrawn status | Lost status | Damaged status | Not for loan | Home library | Current library | Date acquired | Total Checkouts | Full call number | Date last seen | Price effective from | Koha item type | Public note |
|---|---|---|---|---|---|---|---|---|---|---|---|---|
| Buone Condizioni | Not For Loan | SPICS-MEDIATECA | SPICS-MEDIATECA | 08/03/2013 | E6557 | 08/03/2013 | 08/03/2013 | LIBRO | Progressivo inserimento: 19231 / Copie: 1 / data import: 1 marzo 2013 - By Epidotti, Trombetti, Vaglietti. |